La cadera / (Registro nro. 22595)
[ vista simple ]
| 000 -LEADER | |
|---|---|
| fixed length control field | 01798nam a2200301 4500 |
| 001 - CONTROL NUMBER | |
| control field | 0000014295 |
| 003 - CONTROL NUMBER IDENTIFIER | |
| control field | CO-CtgCURN |
| 005 - DATE AND TIME OF LATEST TRANSACTION | |
| control field | 20250513153109.0 |
| 008 - FIXED-LENGTH DATA ELEMENTS--GENERAL INFORMATION | |
| fixed length control field | 160627s2001 000 0 eng d |
| 020 ## - INTERNATIONAL STANDARD BOOK NUMBER | |
| International Standard Book Number | 8445811452 |
| 040 ## - CATALOGING SOURCE | |
| Original cataloging agency | CO-CtgCURN |
| Language of cataloging | spa |
| Transcribing agency | coctgcurn |
| 082 0# - DEWEY DECIMAL CLASSIFICATION NUMBER | |
| Classification number | 616.71 |
| Item number | C114 |
| 245 03 - TITLE STATEMENT | |
| Title | La cadera / |
| Statement of responsibility, etc. | coordinadores, Luis Fernando Villa Alcazar y antonio J. Pérez Caballer [del volumen 1] coordinadores [del volumen 2] Joan Miquel Nollas Sole, Emerito Carlos Rodríguez Merchan. |
| 260 ## - PUBLICATION, DISTRIBUTION, ETC. | |
| Place of publication, distribution, etc. | Barcelona : |
| Name of publisher, distributor, etc. | Masson, |
| Date of publication, distribution, etc. | 2001. |
| 300 ## - PHYSICAL DESCRIPTION | |
| Extent | 2 v. + 2 hojas plegables. |
| 336 ## - CONTENT TYPE | |
| Source | rdacontent |
| 337 ## - MEDIA TYPE | |
| Source | rdamedia |
| Media type term | sin mediacion |
| Media type code | n |
| 338 ## - CARRIER TYPE | |
| Source | rdacarrier |
| Carrier type term | volumen |
| Carrier type code | nc |
| 490 1# - SERIES STATEMENT | |
| Series statement | Monografías medico-quirúrgicas del aparato locomotor. Formación continuada de la SECOT y de la SER |
| 504 ## - BIBLIOGRAPHY, ETC. NOTE | |
| Bibliography, etc. note | Bibliografia al final de cada capitulo. |
| 505 8# - FORMATTED CONTENTS NOTE | |
| Formatted contents note | v.1 Anatomía y biomecanica.--Anamnesis y exploracion.--Diagnostco por imagen.--Artrosis y su tratamiento no quirurgico.--Cirugia no protesica de la coxartrosis.--Artroplastia total de cadera.--Complicaciones de la artroplastias de cadera.--Cirugia artroscopica de cadera -- v.2 La cadera en crecimiento.--Reumatismos de partes blandas de la cadera.--Osteonecrosis de la cadera.--Tratamiento de la necrosis aseptica.--Complicaciones osteoporoticas de la cadera.--Tumores oseos primarios de la region de la cadera.--Artopatias inflamatorias.--Tratamiento quiurgico de la infección |
| 650 #0 - SUBJECT ADDED ENTRY--TOPICAL TERM | |
| Topical term or geographic name entry element | Enfermedades de la articulacion de la cadera |
| Form subdivision | Tratamiento. |
| 700 1# - ADDED ENTRY--PERSONAL NAME | |
| Personal name | Villa Alcazar, Luis Fernando, coord. |
| 908 ## - PUT COMMAND PARAMETER (RLIN) | |
| Put command parameter | 160627 |
| 942 ## - ADDED ENTRY ELEMENTS (KOHA) | |
| Koha item type | Libros |
| Classification part | 616.71 |
| Item part | C114 |
| Source of classification or shelving scheme | Dewey Decimal Classification |
| Suppress in OPAC | No |
| Withdrawn status | Lost status | Source of classification or shelving scheme | Damaged status | Not for loan | Collection | Home library | Current library | Shelving location | Date acquired | Inventory number | Total checkouts | Full call number | Barcode | Date last seen | Copy number | Price effective from | Koha item type | Public note |
|---|---|---|---|---|---|---|---|---|---|---|---|---|---|---|---|---|---|---|
| Dewey Decimal Classification | General | Miguel Henríquez Emiliani | Miguel Henríquez Emiliani | General | 03/04/2019 | 009193 | 616.71 C114 | 009193 | 03/04/2019 | v.1 | 03/04/2019 | Libros | 610-CIENME | |||||
| Dewey Decimal Classification | General | Miguel Henríquez Emiliani | Miguel Henríquez Emiliani | General | 03/04/2019 | 009185 | 616.71 C114 | 009185 | 03/04/2019 | v.2 | 03/04/2019 | Libros | 610-CIENME |